KOHA-Header-6

کتاب الہند (Record no. 13579)

000 -LEADER
fixed length control field 00326nam a22001217a 4500
082 ## - DEWEY DECIMAL CLASSIFICATION NUMBER
Classification number 954
100 ## - MAIN ENTRY--AUTHOR NAME
Personal name ترجمہ سید اصغر علی
245 ## - TITLE STATEMENT
Title کتاب الہند
Statement of responsibility, etc البیرونی
260 ## - PUBLICATION, DISTRIBUTION, ETC. (IMPRINT)
Place of publication لاہور
Name of publisher الفیصل ناشران
Year of publication ٢٠٠٥
300 ## - PHYSICAL DESCRIPTION
Number of Pages ٥٤٤ صفحات
650 ## - SUBJECT ADDED ENTRY--TOPICAL TERM
Topical Term Kitab-ul-Hind
942 ## - ADDED ENTRY ELEMENTS (KOHA)
Koha item type Books
Holdings
Withdrawn status Lost status Collection code Permanent Location Current Location Shelving location Date acquired Full call number Accession Number Koha item type
    Urdu Literature MAJU MAJU Shelf No.A11 2022-12-16 954 10706 Books

Powered by Koha